| 000 | 00662nam a2200205 a 4500 | ||
|---|---|---|---|
| 001 | 000017520 | ||
| 005 | 20240412074247.0 | ||
| 008 | 100326s19uu dr 001 p spa d | ||
| 040 |
_aDO-SdBNP _bspa _cBNPHU |
||
| 082 |
_aRD861.44 _bM883c |
||
| 100 | 1 |
_aMorrobel, Carmen Celia _938263 |
|
| 245 | 1 | 0 |
_aCosas tuyas y mías / _cCarmen Celia Morrobel ; prólogo Daniel Emilio Mateo. |
| 260 |
_a[s.l. : _bs.n., _c199?]. |
||
| 300 |
_a62 p. ; _c21 cm. |
||
| 590 | _aInventariado, 2018/LP | ||
| 650 | 0 |
_aPoesía dominicana _966 |
|
| 650 | 0 |
_aLiteratura dominicana. _967 |
|
| 700 | 1 |
_aMateo, Daniel Emilio, _epról. _938264 |
|
| 910 | _aValidado. Control de calidad BNPHU | ||
| 999 |
_c17045 _d17045 |
||